<?xml version="1.0" encoding="UTF-8"?>
<collection xmlns="http://www.loc.gov/MARC21/slim">
<record>
  <controlfield tag="001">2187</controlfield>
  <controlfield tag="005">20160701171700.0</controlfield>
  <datafield tag="024" ind1="7" ind2=" ">
    <subfield code="a">10.1002/asna.201211724</subfield>
    <subfield code="2">DOI</subfield>
  </datafield>
  <datafield tag="037" ind1=" " ind2=" ">
    <subfield code="a">ASTROimport-344</subfield>
  </datafield>
  <datafield tag="100" ind1=" " ind2=" ">
    <subfield code="a">Lampens, P.</subfield>
  </datafield>
  <datafield tag="260" ind1=" " ind2=" ">
    <subfield code="c">2013</subfield>
  </datafield>
  <datafield tag="245" ind1=" " ind2=" ">
    <subfield code="a">Relative astrometry and near-infrared differential photometry of nearby southern orbital binaries with adaptive optics</subfield>
  </datafield>
  <datafield tag="520" ind1=" " ind2=" ">
    <subfield code="a">We present relative astrometry and differential photometry measurements for a sample of nearby southern orbital binaries making use of the technique of Adaptive Optics. The observations were made in December 2000, with the ADONIS camera mounted at the 3.6-m ESO telescope from La Silla Observatory, equipped with the broad-band near-infrared filters (J-, H-, K-passbands). Our sample contains stars which do not fit very well the empirical mean mass-luminosity relation (according to our previous study), but for which accurate parallaxes (determined by the Hipparcos satellite) and high-quality orbits were available thanks to many previous efforts. We derived accurate positions and J, H, K magnitudes of the individual components of those binaries. The individual stellar components have near-infrared colour indices well grouped in those plots and are comparable to standard single stars.  Based on observations made at the 3.6-m telescope, ESO, La Silla (P66.D-0538) </subfield>
  </datafield>
  <datafield tag="700" ind1=" " ind2=" ">
    <subfield code="a"> Prieur, J.-L.</subfield>
  </datafield>
  <datafield tag="700" ind1=" " ind2=" ">
    <subfield code="a"> Argyle, R. W.</subfield>
  </datafield>
  <datafield tag="700" ind1=" " ind2=" ">
    <subfield code="a"> Cuypers, J.</subfield>
  </datafield>
  <datafield tag="773" ind1=" " ind2=" ">
    <subfield code="p">Astronomische Nachrichten</subfield>
    <subfield code="v">334</subfield>
    <subfield code="i">3</subfield>
    <subfield code="y">2013</subfield>
    <subfield code="c">237-250</subfield>
  </datafield>
  <datafield tag="856" ind1="4" ind2="2">
    <subfield code="a">http://esoads.eso.org/abs/2013AN....334..237L</subfield>
  </datafield>
  <datafield tag="905" ind1=" " ind2=" ">
    <subfield code="a">published in</subfield>
  </datafield>
  <datafield tag="980" ind1=" " ind2=" ">
    <subfield code="a">REFERD</subfield>
  </datafield>
</record>
</collection>